000 00465nam a2200181Ia 4500
005 20250508153925.0
008 008 250505s9999 xx 000 0 ger d
037 _aBooks to be hide in OPAC
040 _aFEDL
_beng
_cFEDL
041 _ager
_2eng
084 _a372, PAB/O
_qFEDL
100 _aPabft A
_9764684
245 0 _aPraktitche erzienung
260 _c1908
300 _aviii,114p.
942 _cHB
_h372, PAB/O
999 _c1346395
_d1346395